ARRUPE JESUIT UNIVERSITY

CORONAVIRUS -STOP THE SPREAD - CLEAN,DISINFECT,COVER

A Guide to the Antiquities of Inyanga (Record no. 121502)

MARC details
000 -LEADER
fixed length control field 00433nam a22001337a 4500
008 - FIXED-LENGTH DATA ELEMENTS--GENERAL INFORMATION
fixed length control field 141211b xxu||||| |||| 00| 0 eng d
050 ## - LIBRARY OF CONGRESS CALL NUMBER
Classification number SPC DT964.I5 G233
100 ## - MAIN ENTRY--PERSONAL NAME
Personal name Garlake, Peter S.
9 (RLIN) 10048
245 ## - TITLE STATEMENT
Title A Guide to the Antiquities of Inyanga
Statement of responsibility, etc Peter S. Garlake
260 ## - PUBLICATION, DISTRIBUTION, ETC. (IMPRINT)
Place of publication, distribution, etc Salisbury
Name of publisher, distributor, etc Historical Monuments Commission
Date of publication, distribution, etc 1966
300 ## - PHYSICAL DESCRIPTION
Extent 34p. ;
Dimensions 19cm.
650 ## - SUBJECT ADDED ENTRY--TOPICAL TERM
Topical term or geographic name as entry element Antiquities
Geographic subdivision Inyanga ( Zimbabwe)
9 (RLIN) 13412
942 ## - ADDED ENTRY ELEMENTS (KOHA)
Source of classification or shelving scheme Library of Congress Classification
Item type SPC
Holdings
Withdrawn status Lost status Source of classification or shelving scheme Damaged status Not for loan Collection code Home library Current library Shelving location Date acquired Total Checkouts Full call number Barcode Date last seen Price effective from Koha item type
    Library of Congress Classification     SPECIAL Collection ARRUPE LIBRARY ARRUPE LIBRARY Main Collection 11/12/2014   SPC DT964.I5 G233 46500003448 11/12/2014 11/12/2014 SPC

 

Arrupe Library. PO Box MP320 Mt Pleasant, Harare, Zimbabwe
263 242 745411|librarian@aju.ac.zw